Регионална библиотека "Любен Каравелов" - Русе

BBC 2 (Запис номер 1298)

MARC детайли
000 -Лидер
Контролно поле с фиксирана дължина 01680nam a2200385 c 4500
003 - Код на организацията, давaща контролен номер
Контролно поле BLK
005 - Дата и час на последна редакция
Контролно поле 20240228104555.0
008 - Елементи от данни с фиксирана дължина
fixed length control field 180412b bul|||||r ||||||| ||bul||
010 ## - Наследен системен номер
LC control number KNG00002109000
020 ## - Международен стандартен номер на книга ISBN
Международен стандартен номер на книга ISBN 954-516-025-X
020 ## - Международен стандартен номер на книга ISBN
Международен стандартен номер на книга ISBN 1-85497-280-4
040 ## - Източник на каталожния запис
Идентификатор на билиотеката - собственик на записа BLK
041 ## - Код за език
Код за езика на текст/звукозапис или на отделно заглавие Английски
Код за езика КДБФ Английски
Други езици Български
080 ## - УДК
Текстов определител УДК Английски език
УДК код - определител по УДК 811.111
УДК определител (075.4)
УДК - код + определител 811.111(075.4)
100 1# - Редна дума - Автор
Автор Harrison, Jeremy
Авторска отговорност първи автор
R(LIN) 243994
139 ## - Редно поле
Редна дума Harrison, Jeremy et al.
Авторски знак Harr - H 30
245 10 - Сведения за заглавието
Заглавие BBC 2
Подзаглавни данни Двуезичен самоучител по англ. ез. : 20 урока за напреднали
Редно поле (дума) Jeremy Harrison; съавт. Ken Singleton; прев. от англ. Krasimira Rangelova.
257 ## - Страна на издаване
Страна на създаване/издаване България
-- Великобритания
260 ## - Област на издателските данни
Име на издателя, разпространителя и проч. Летера
-- BBC English
Година на издаване 1993
Печатница В.Търново : Абагар
300 ## - Физическа характеристика
Страници 250 с.
Илюстрации и др. с ил.
Размери/Мащаб 27 см
Съпровождащи материали 4 аудиокасети
380 ## - Жанр
Жанр Езикознание. Филология
500 ## - Общи забележки
Забележка Вторният авт. означен в библиогр. каре. - Офс. изд. - Други прев. : L. Grozdanova, M. Zaneva, M. Ketzcarova. - 5 200 тир. 4 аудиокасети с инв. номера 1578, 1579, 1580, 1581.
650 #4 - Допълнително описание по предмет – тема
Основно описание – тема или топоним Английски език - учебни помагала
9 (RLIN) 243996
653 ## - Ключова дума – ненормативна
Ключова дума английски език
653 ## - Ключова дума – ненормативна
Ключова дума учебни помагала
700 1# - Други автори (авторска отговорност)
Лично име Singleton, Ken
Автороска отговорност (Описва отношението между автора и произведението) съавт.
9 (RLIN) 24533
700 1# - Други автори (авторска отговорност)
Лично име Rangelova, Krasimira
Автороска отговорност (Описва отношението между автора и произведението) прев. от англ.
9 (RLIN) 243995
852 ## - Местоположение
Форматна сигнатура Цб ІІ 8216
856 4# - Електронен адрес и достъп
Електронен формат pdf - файл
Път до файла /url/
856 4# - Електронен адрес и достъп
Електронен формат pdf - файл
Път до файла /url/
999 ## - СИСТЕМНИ КОНТРОЛНИ НОМЕРА
Koha biblionumber 1298
Koha biblioitemnumber 1298
942 ## - АРТИКУЛИ
Вид на библиотечния материал Книги
Скрит в OPAC Не
Koha issues (borrowed), all copies 2
Периодичен библиозапис Да
944 ## - СЪЗДАВАНЕ И РЕДАКЦИЯ на ЗАПИСА
Създаване/Редакция Създаване
Дата на регистрацията/редакция 15.01.2003
Служител, извършил регистрацията/редакцията 30529
Статус, дата на статуса Диана Гривева
944 ## - СЪЗДАВАНЕ И РЕДАКЦИЯ на ЗАПИСА
Създаване/Редакция Редакция
Дата на регистрацията/редакция 11.01.2011
999 ## - СИСТЕМНИ КОНТРОЛНИ НОМЕРА
Koha biblioitemnumber 1298
Наличности
Код за отписване Код за изгубен артикул Източник на класификационната схема Код за повреда Коз за рестрикции Код за отдаване Артикулен № Име на библиотеката - собственик Име на библиотеката, в която се намира в момента Статус (Текущо местоположение) Дата на вписване в системата Местоположение - отдел Цена в лева Инвентарен номер Систематично азбучна сигнатура Баркод Номер на екземпляра Цена в евро Служебна бележка Служебен тип на артикула
  Не е изгубен Universal Decimal Classification Не е повреден без рестрикции ползва се в читалня 2546 Регионална библиотека "Любен Каравелов" Русе Регионална библиотека "Любен Каравелов" Русе Хранилище 2001-01-01 Хранилище 0.00 603073 Цб ІІ 8216 120000603073 1 0.00 Дост: Dp Вид: Д N: стар фонд Дата: 01.01.2001 Книги
  Не е изгубен   Не е повреден без рестрикции заемане за дома 2547 Регионална библиотека "Любен Каравелов" Русе Регионална библиотека "Любен Каравелов" Русе ЧЧЗО - англ. ез. - Британски съвет 2001-01-01 ЧЧЗО - англ. ез. - Британски съвет 0.00 605741 Ч3 802.0/Н 25 605741 2 0.00 Дост: Pk Вид: Ф N: стар фонд Дата: 01.01.2001 Дата инв: 17.03.2015 Бележки инв: Ч32015 Книги
  Не е изгубен   Не е повреден без рестрикции заемане за дома 2548 Регионална библиотека "Любен Каравелов" Русе Регионална библиотека "Любен Каравелов" Русе ЧЧЗО - англ. ез. - Британски съвет 2001-01-01 ЧЧЗО - англ. ез. - Британски съвет 0.00 642118 Ч3 802.0/Н 25 642118 3 0.00 Дост: Pk Вид: Ф N: стар фонд Дата: 01.01.2001 Дата инв: 17.03.2015 Бележки инв: Ч32015 Книги
Изтеглен Не е изгубен Universal Decimal Classification Не е повреден без рестрикции заемане за дома 2549 Регионална библиотека "Любен Каравелов" Русе Регионална библиотека "Любен Каравелов" Русе ЧЧЗО - англ. ез. - Британски съвет 2010-12-15 ЧЧЗО - англ. ез. - Британски съвет 15.00 120000748338 Ч3 802.0/Н 25 120000748338 4 7.67 Дост: Ak Вид: Г N: 24 Дата: 15.12.2010 Дата инв: 17.03.2015 Бележки инв: Ч32015 Книги
Vip Innovations Ltd, Rousse, Bulgaria 2025